00738nam a2200181 a 450000100100000000500170001000800410002704000250006824500830009326000720017630000260024849000540027450000210032850400730034970000340042271000540045683000460051000004119720201002034711.0130925s1966 sp 001 0 spa d aDO-SdBNPbspacBNPHU13aLa Colección Canónica Hispana /cestudio por González Martínez Díez. aMadrid :bConsejo Superior de Investigaciones Científicas,c1966. av. (344 p.) ;c24 cm.1 aMonumenta Hispaniae Sacra. Serie ;aCanónicav1 aIncluye índice aIncluye referencias bibliográficas y notas al pie de las páginas1 aMartínez Díez, González2 aConsejo Superior de Investigaciones Científicas 0aMonumenta Hispaniae Sacra.pCanónicav1